Statistics for Most Dangerous US States

Click here to take the quiz!

General Stats

  • This quiz has been taken 885 times
  • The average score is 6 of 10

Answer Stats

violent crimes per 100,000 populationstate% Correct
472.4Alabama
78%
539.7Louisiana
69%
521.3Arkansas
61%
497.4Missouri
59%
656.1New Mexico
58%
730.2Alaska
53%
612.1Tennessee
53%
695.9Nevada
51%
504.5South Carolina
51%
499.0Delaware
22%

Score Distribution

Percentile by Number Answered

Percent of People with Each Score

Your Score History

You have not taken this quiz